Missing Word: '60s Bands Quiz Stats

 Plays Quiz Updated Sep 30, 2016

Challenge
Share
Tweet
Embed
Score 0/24 Timer 03:00
1 Play Today
'60s Band Missing Word % Correct
The Beach ______Boys
99.7%
The ______ StonesRolling
99.5%
______ & GarfunkelSimon
95.7%
The ______ & The PapasMamas
90.5%
Sonny & ______Cher
89.6%
______, Sweat & TearsBlood
86.5%
Creedence Clearwater ______Revival
85.4%
The Righteous ______Brothers
79.8%
Gladys ______ & The PipsKnight
78.1%
Smokey ______ & The MiraclesRobinson
76.5%
______ AirplaneJefferson
76.5%
The Jimi Hendrix ______Experience
71.6%
'60s Band Missing Word % Correct
Sly & The ______ StoneFamily
70.9%
The Four ______Tops
65.2%
The ______ UndergroundVelvet
64.5%
The Lovin' ______Spoonful
60.9%
Herman's ______Hermits
60.2%
The Dave Clark ______Five
54.1%
______ & The VandellasMartha
47.8%
Canned ______Heat
45.3%
______ SpringfieldBuffalo
41.8%
Paul Revere & The ______Raiders
39.9%
Sam & ______Dave
31.3%
Moby ______Grape
14.8%

Today's Daily Dose

You're not logged in!

Compare scores with friends on all Sporcle quizzes.
OR
Log In

You Might Also Like...

Show Comments

Extras

Top Quizzes Today


Score Distribution

Your Account Isn't Verified!

In order to create a playlist on Sporcle, you need to verify the email address you used during registration. Go to your Sporcle Settings to finish the process.

Report this User

Report this user for behavior that violates our Community Guidelines.

Details: